Statistics for Sydney FC Season 2016-17 squad

Click here to take the quiz!

General Stats

  • This quiz has been taken 15 times
  • The average score is 15 of 23

Answer Stats

NumberPositionPlayer% Correct
10MidfielderMilos Ninkovic
100%
14ForwardAlex Brosque
91%
4DefenderAlex Wilkinson
91%
1GoalkeeperAndrew Redmayne
91%
9ForwardBobô
91%
20GoalkeeperDanny Vukovic
91%
21ForwardFilipino Holosko
91%
Head CoachGraham Arnold
91%
13MidfielderBrendan O'Neil
82%
23DefenderRhyan Grant
82%
17MidfielderDavid Carney
73%
18ForwardMatt Simon
73%
7DefenderMichael Zullo
73%
5DefenderJordy Buijs
64%
12DefenderAaron Calver
55%
8MidfielderMilos Dimitrijevic
55%
11ForwardBernie Ibini
45%
22DefenderSebastian Ryall
45%
24ForwardCharles Lokolingoy
36%
19ForwardGeorge Blackwood
36%
6MidfielderJosh Brilliante
36%
16DefenderGeorge Timotheou
27%
29ForwardBai Antoniou
18%

Score Distribution

Percentile by Number Answered

Percent of People with Each Score

Your Score History

You have not taken this quiz